00459pab a2200145 454500008004000000100002500040245009500065260000900160300001300169362000800182650003400190650003600224650002000260773003300280180718b2007 xxu||||| |||| 00| 0 eng d aCollins, Paul M. Jr. aLobbyists before the US Supreme Court: investigating the influence of Amicus Curiae briefs c2007 ap.55-70. aMar aSupreme court - United States aInterest groups - United States aInterest groups aPolitical Research Quarterly